Documents /
Descripción Física:
10 volums : periodicitat irregular 32 cm
Idioma:
Catalán
MARC
| LEADER | 00000nas a2200000 a 4500 | ||
|---|---|---|---|
| 001 | 27968 | ||
| 003 | Arxiu | ||
| 005 | 20260324175723.0 | ||
| 008 | 160829d2000 spc n px cat c | ||
| 040 | |a AGDB | ||
| 080 | |a Revistes | ||
| 245 | 0 | 0 | |a Documents / |c Fundació Centre Documentació Política |
| 260 | |a [Barcelona] : |b Fundació Centre Documentació Política |c 2000-2007? | ||
| 300 | |a 10 volums : |b periodicitat irregular |c 32 cm | ||
| 310 | |a Irregular | ||
| 362 | |a Núm. 1 (juny 2000)- | ||
| 590 | |a Irregular. | ||
| 590 | |a El núm. 2 inclou un fulletó amb la informació de la Fundació CDP. | ||
| 590 | |a El núm. 16 i 17 inclouen un CD | ||
| 650 | |a Política |x Revistes |9 47958 | ||
| 650 | 0 | |a Economia |v Revistes |9 11548 | |
| 650 | 0 | |a Ciències socials |v Revistes |9 19015 | |
| 655 | 0 | |9 55823 |a Revistes | |
| 710 | 2 | |a Fundació Centre de Documentació Política (FCDP) |e entitat editora |9 54029 | |
| 866 | |a 2000 (1, 2) | ||
| 866 | |a 2001 (3, 4) | ||
| 866 | |a 2002 (5, 6, 7) | ||
| 866 | |a 2003 (9) | ||
| 866 | |a 2006 (16) | ||
| 866 | |a 2007 (17) | ||
| 901 | |a Arxiu | ||
| 942 | |n 1 |2 udc |c REV | ||
| 952 | |0 0 |1 0 |4 0 |6 REV2166 |7 1 |9 48771 |a Arxiu |b Arxiu |d 2016-12-01 |h Núm. 1 (juny 2000)-Núm. 17 (abril 2007) |o Rev-2166 |p 27968 |r 2016-12-01 00:00:00 |w 2016-12-01 |y ARXIU | ||
| 999 | |c 52602 |d 52602 | ||